Vzdialenosti

Bibliographic Details
Main Author: Farkašová, Etela, 1943- (Author)
Other Authors: Popovič, Ivan, 1944- (gup)
Format: Article
Language:Slovak
Subjects:

MARC

LEADER 00000nab a2200000 a 4500
001 vtls000180989
003 SK-MaSNL
005 20260305011129.0
008 111104c1984 xo 0 slo
015 |a SNBRB19rr/mm-uuuuu 
035 |a CL0191102 
040 |a SNKBUCL  |b slo  |c SNKBUCL  |e AACR2 
041 0 |a slo 
044 |a xo  |c SK 
080 |a 885.4-3  |2 1981 
100 1 |a Farkašová, Etela,  |d 1943-  |4 aut  |9 100186 
245 1 0 |a Vzdialenosti  |c Etela Farkašová ; Ivan Popovič 
650 0 7 |a poviedky rodinné  |2 snkbucl  |9 900847 
650 0 7 |a poviedky psychologické  |2 snkbucl  |9 893883 
655 7 |a články z novín a časopisov  |2 snkbucl  |9 267496 
655 7 |a články z odboru literárna veda a krásna literatúra  |2 snkbucl  |9 770045 
700 1 |a Popovič, Ivan,  |d 1944-  |4 gup  |9 193310 
773 0 |t Slovenka  |g Roč. 36, č. 12 (1984), s. 22-23 
850 |a Slovenská národná knižnica v Martine  |a MTA001 
852 |a SNK  |b KIS3GCP 
958 |a RK 
958 |a LX 
992 |a RBX 
999 |c 3250992  |d 3252922